|
|
|
|
| LEADER |
00000naa2a2200000 4500 |
| 001 |
210978 |
| 005 |
20231031192226.0 |
| 035 |
|
|
|a (RuTPU)RU\TPU\book\230438
|
| 090 |
|
|
|a 210978
|
| 100 |
|
|
|a 20120306d2004 k y0rusy50 ca
|
| 101 |
0 |
|
|a rus
|
| 102 |
|
|
|a RU
|
| 200 |
1 |
|
|a Эколого-геохимическое состояние подземных вод сельского населённого пункта в бассейне р. Чулым (Томская область)
|f Т. А. Кривицкая
|g науч. рук. Н. А. Ермашова
|
| 463 |
|
0 |
|0 (RuTPU)RU\TPU\book\77451
|y 5-89503-079-3
|t Проблемы геологии и освоения недр
|o труды Восьмого Международного симпозиума имени ак. М. А. Усова студентов и молодых ученых, посвященного 400-летию г. Томска, 5-9 апреля 2004 г., Томск
|f Администрация г. Томска; Томский политехнический университет
|v С. 323-324
|d 2004
|p 913 с.
|
| 610 |
1 |
|
|a подземные воды
|
| 610 |
1 |
|
|a геохимическое состояние
|
| 610 |
1 |
|
|a экологическая ситуация
|
| 610 |
1 |
|
|a сельские поселения
|
| 610 |
1 |
|
|a бассейны рек
|
| 610 |
1 |
|
|a Чулым
|
| 610 |
1 |
|
|a Томская область
|
| 610 |
1 |
|
|a труды учёных ТПУ
|
| 700 |
|
1 |
|a Кривицкая
|b Т. А.
|
| 702 |
|
1 |
|a Ермашова
|b Н. А.
|4 727
|
| 801 |
|
1 |
|a RU
|b 63413507
|c 20120306
|
| 942 |
|
|
|c BK
|